MDQL
is popping MORE tags! Check the
thread
!
Quizzes
Events
Quiz Creation
Community
Videos
Private Events
Remove Ads
Sign In
Join for FREE
Feedback
Dark Mode
Quiz Categories
Sports
Geography
Music
Movies
Television
Just For Fun
Miscellaneous
History
Literature
Language
Science
Gaming
Entertainment
Religion
Holiday
For Kids
Quiz Lab
Recent
Popular Today
Quiz Kudos Today
Editor Picks
Curator Picks
Quizzes by...
Day
Popularity
Type
Ratings
Length
Year
Community
Subscriptions
Recent Discussions
Orange Saloon
Badges
Playlists
Quests
Create
Leaderboards
Showdown
Live 5
Trivia Bingo
Activity
Puzzle Library
Sporcle Events
Private Events
Virtual Trivia
Globe League
Become a Host
Pub Owners
SporcleCon
Opinionation
Our Games
Videos
Blog
Mobile Apps
Partnerships
Remove Ads and Go Orange
Feedback
Entertainment
Celebrity
Famous
Musical
Broadway
Show
Quote
Comic Books
Anime
Superhero
DC Comics
Marvel
Cartoons
Animation
Entertainment
Celebrity
Famous
Musical
Broadway
Show
Quote
Comic Books
Anime
Superhero
DC Comics
Marvel
Cartoons
Animation
Random Quiz
Search Sporcle
×
Quiz Lab
Quiz Lab
Entertainment
Superhero
Type in answers that appear in a list
Type in answers that appear in a list
Classic
Best Score? Go Orange.
Spiderman Trivia Stats
Can you name the Spiderman Trivia ?
By
wallcrawler
10m
24 Questions
636 Plays
636 Plays
636 Plays
Comments
Comments
Give Quiz Kudos
Give Quiz Kudos
-
- Ratings
hide this ad
More Info
Replay
Link that replays current quiz
Next Quiz
Link to next quiz in quiz playlist
You Got
0%
They Got
Avg Score
76%
Avg Friend Score
Upgrade to see
Score Distribution
Jump to the score distribution portion of the page
Score
0/24
Timer
10:00
0
Plays Today
Hint
Answer
% Correct
Spiderman's true identity
Peter Parker
99.2%
Peter's girlfriend from 'Spiderman',''Spiderman,2', and 'Spiderman 3'
Mary Jane
92.1%
Peter's girlfriend from 'The Amazing Spiderman'
Gwen Stacy
88.5%
Peter's best friend
Harry Osborne
87.6%
Villan from second movie
Doctor Octopus
84.9%
Spiderman shoots this out of his hands
Webs
84.6%
One of the villans from 'Spiderman 3'
Venom
84.6%
Spiderman's costume are these colors
Red and Blue
84.3%
Editor of Daily Bugle
J. Jonah Jameson
82.9%
Peter's male guardian
Uncle Ben
82.9%
Peter's female guardian
Aunt May
82.7%
Norman Osborne owned this company
Oscorp
81.1%
Hint
Answer
% Correct
One of Spiderman's nick names that ends in a Y
Spidey
80.3%
High School bully
Flash Tompson
76.9%
This man wrote the first Spiderman comics!
Stan Lee
76.1%
Peter's dream date from the comic books
Liz Allen
75.8%
Villan from 'The Amazing Spiderman' movie
The Lizard
75.2%
Doc Oc has this many metal arms
four
72.2%
Peter's part-
time job
Photographer
71.7%
This caused Spiderman to get his powers
Spider bite
66.8%
Another one of Spiderman's nicknames and my username
Wall Crawler
60.5%
This man turned into the Sandman
Flint Marko
57.4%
Idenity of The Lizard
Curtis Conners
45.4%
CHALLENGE-
The first villian to appear in the orginal Spiderman comic
The Chameleon
42.8%
Quiz Playlist
Details
Report
Send in Message
Add To Playlist
More Info:
All answers are based off of the first three Spiderman movies, the newest Spiderman movie: "The Amazing Spiderman" and the origanal comic books.
Classic:
Type in answers that appear in a list
Last Updated: Feb 16, 2017
Quiz Scoreboard
CHALLENGE
Sign Up to Join the Scoreboard
Show All
Scores
Hide
Comments
May contain spoilers
Recently Published
1-10 Letter E Words III
by El_Dandy
Language
2m
Street Fighter Characters
by Artimus82
Gaming
60s
College Basketball Coaching Resumes
by pancakes188
Sports
9m
More to Explore
Quiz From the Vault
Featured Blog Post
Where Did the Easter Bunny Come From?
hide this ad
You Might Also Like...
Tags
Superhero Quiz
Spider
Spider-Man
Spider-Man Animated
Spider-Man Characters
Spider-Man Villains
Today's Top Quizzes in Entertainment
Browse Entertainment
hide this ad
Today's Top Quizzes in Superhero
Browse Superhero
Top Contributed Quizzes in Entertainment
1
7-to-1: DC Comics Villains
2
Marvel Characters Bunker
3
Dragon Ball Z: Goku's Fights in Order
4
Eurovision 2023 Logic Puzzle
5
Sorting Pictures: Villains
6
Criteria Quickie: Cartoon Taxonomy II
7
7-to-1: One Piece
8
Mini Trivia Sudoku: Musicals
9
One Piece Characters Order of Appearance
10
Click the Cartoon Scott
Explore More
Trending Topics
Crossword
Disney
NBA
Anime
Harry Potter
Kpop
Marvel
Song
The Office
NFL
Soccer
WWE
Puzzle
Pokémon
Country
hide this ad
More By:
wallcrawler
Quiz
Plays
Rating
Category
Featured
Created
Spiderman Trivia
636
1.25
Entertainment
Jul 27, 2012
Go to Creator's Profile
Score Distribution
Quiz Creator Spotlight
wallcrawler
Follow
Send a Message
Quizzes Created
-
Created Quiz Play Count
-
More By This Creator
Popular Quizzes Today
1
Find the US States - No Outlines Minefield
2
Find the Countries of Europe - No Outlines Minefield
3
Find the US States
4
The Countries of the World
5
Risky Map Clicking: Biggest States A-Z
6
US States
7
Popular People in 1961
8
Movies - When Are They Set?
More Entertainment Quizzes
IGN Picture Find: Top 100 Comic Book Heroes
Curator's Pick
Trending Quizzes
Risky Map Clicking: Least Populous States A-Z
1-10 Letter G Words
1-10 Letter F Words
Countries of the World: 200 Million BC
Risky Map Clicking: Next State Alphabetically
Recently Updated
Rides in Walt Disney World
pecheneg
Most Oscar Losses (Acting)
pecheneg
Beyoncé Albums
pecheneg
Leaping Animals
pecheneg
Reality TV Shows (A-Z)
bhenderson79
Rickey Henderson's Hall of Fame Teammates
pecheneg
Champions League XIs: Arsenal
pecheneg
Quick Pick: Celebrities in WWE's Hall of Fame
aduchscher
A-Z Keypad Blitz II
pecheneg
Trending Topics
Kpop
Crossword
Disney
Anime
Marvel
NBA
Harry Potter
Country
The Office
Pokémon
Song
NFL
WWE
Puzzle
Soccer
Your Account Isn't Verified!
In order to create a playlist on Sporcle, you need to verify the email address you used during registration. Go to your
Sporcle Settings
to finish the process.
Report this User
Report this user for behavior that violates our
Community Guidelines
.
Details:
Send Report
Go to the Sporcle.com Mobile Site →
Comments